Una comedia ligera

Saved in:
Bibliografiske detaljer
Hovedforfatter: Mendoza, Eduardo (autor)
Format: Bog
Sprog:spansk
Udgivet: Barcelona Seix Barral 1997
Udgivelse:4a. ed
Serier:Biblioteca Breve
Fag:
Tags: Tilføj Tag
Ingen Tags, Vær først til at tagge denne postø!

MARC

LEADER 00000nam a2200000 a 4500
001 UCS2372
003 CL-VaPUC
008 970523e19970000SP |||||||||||||||||spa|d
082 0 4 |a 863  |b MEN  |2 21 
100 |a Mendoza, Eduardo  |e autor  |9 420051 
245 1 4 |a Una comedia ligera 
250 |a 4a. ed 
300 |a 383 p 
942 |c BK 
945 |d 19970523 00:00:00  |a rleighto 
260 |a Barcelona  |b Seix Barral  |c 1997 
650 0 |a Novelas españolas  |9 265052 
583 |a last modification  |c 19970523 00:00:00  |k Rodrigo Vera 
490 0 |a Biblioteca Breve 
999 |c 260336  |d 260334 
952 |0 0  |1 0  |4 0  |6 863_000000000000000_MEN_1997  |7 0  |8 A  |9 286346  |a BIBEDU  |b BIBEDU  |d 2019-11-19  |i 3305821  |o 863 MEN 1997  |p 3305821  |r 2019-11-19  |w 2019-11-19  |y BK  |k LIT